Biologie - origines de la vie - Statistiques

Statistiques générales
  • Ce quiz a été pris 74 fois
  • Le résultat moyen est 4 sur 12
Statistiques - réponses
Question Réponse % Correct
Les premières cellules sont appelées protocells et contiennent de l'ARN servant d'enzyme et de matériel génétique
58%
L'endosymbiose explique que tous les eukaryotes ont des mitochondires ou des vestiges de ces derniers
53%
Les premières cellules eukaryotes sont issues de l'endosymbiose
53%
Les catalyseurs des protocells ont été remplacé petit à petit par des protéines
42%
L'oxygène revolution a causé l'extinction de nombreux groupes prokaryotes
26%
Le phanerozoic est une ère
26%
Les stromatolites sont : les premières cellules organiques
26%
Cela a été rendu possible par Abiotic synthese of organics molecules
21%
De quand date la diversification de la vie archean (4 Md d'années)
16%
Les facteurs ayant rendu possible l'abiogenèse sont : les hydrothermals vents, les volcans, les météorites
16%
Les extinctions de masses sont en partie une conséquence du mouvement des plaques techtoniques
16%
La formation de molécules organiques tel que les acides aminés, les hydrocarbones... est obtenue en faisant bouillir de l'eau, du méthane et du diazote
11%
Aucun quiz correspondant
Distribution des résultats
% des personnes avec chaque résultat
Percentile par nombre de réponses
Votre historique - résultats
Vous n’avez pas pris ce quiz